00693nam a2200253 a 4500001001300000003000900013005001700022008004100039020001000080082002200090100002100112245001300133260003800146300000800184500003500192505001000227650002200237650002700259700002100286902000800307942000700315952010200322999001500424nice12345678IN_TiNIC20260116011457.0050524s1940 cala grp 000 0 eng  ac10000a323.39710954bPRA aPrasad, Rajendra aPakistan aCalcuttabAllied Publishersc1940 a62p aincludes index and biblioraphy2 aIndex aPakistan-Movement aMuslims-India-Politics1 aPrasad, Rajendra bSRS cBK 00104070aHMIbHMId2007-04-10g100.00l0o323.39710954 PRAp00976r2007-04-10w2026-01-16yEB c1877d1877